| 000 | 01454cam a22002174a 4500 | ||
|---|---|---|---|
| 005 | 20250605163957.0 | ||
| 008 | 250528s ||||||||||||||||||||||||d | ||
| 035 | _a15510 | ||
| 020 | _a007Y664161 | ||
| 040 |
_aGR-AtMCL _bgre _dGR-AtMCL _eAACR2 |
||
| 245 | 1 | _aProduction and Operations Management / Fourth Edition | |
| 250 | _a4th | ||
| 260 |
_bMcgraw Hill Book Company, _c1982 |
||
| 300 | _a656 | ||
| 505 | 0 | _aThe Production and Operations Function, Methods of Forecasting Demand, Capacity Requirements Planning, Financial Analysis of Operating Plans, Determination of Economic Order Quantities, Layout and Handling and Location Decisions, Resource Procurement and Operations Control, Project Scheduling and Resource Allocation, Development of Efficient Work Methods, Work Measurement Techniques, Employee Motivation, Quality Assurance, A Retrospective View, Appendix, Index. | |
| 520 | _aThe Production and Operations Function, Methods of Forecasting Demand, Capacity Requirements Planning, Financial Analysis of Operating Plans, Determination of Economic Order Quantities, Layout and Handling and Location Decisions, Resource Procurement and Operations Control, Project Scheduling and Resource Allocation, Development of Efficient Work Methods, Work Measurement Techniques, Employee Motivation, Quality Assurance, A Retrospective View, Appendix, Index. | ||
| 700 | 1 |
_aMayer Raymond _91444 |
|
| 942 | _cBK | ||
| 999 |
_c1086 _d1086 |
||